Normal view
MARC view
- تأليف الجاحظ، أبي عثمان عمرو؛ وضع حواشيه محمد باسل عيون السود
Entry Personal Name
001 - CONTROL NUMBER
- control field: 11468
003 - CONTROL NUMBER IDENTIFIER
- control field: JO-AjAnu
005 - DATE AND TIME OF LATEST TRANSACTION
- control field: 20230606072136.0
008 - FIXED-LENGTH DATA ELEMENTS
- fixed length control field: 230606|| aca||aabn | a|a d
040 ## - CATALOGING SOURCE
- Original cataloging agency: JO-AjAnu
- Transcribing agency: JO-AjAnu
100 ## - HEADING--PERSONAL NAME
- Personal name: تأليف الجاحظ، أبي عثمان عمرو؛ وضع حواشيه محمد باسل عيون السود
670 ## - SOURCE DATA FOUND
- Source citation: Work cat.: (JO-AjAnu)5909: تأليف الجاحظ، أبي عثمان عمرو؛ وضع حواشيه محمد باسل عيون السود, author, كتاب الحيوان